000 00442nam a22001577a 4500
003 OSt
005 20240416123248.0
008 240416b |||||||| |||| 00| 0 eng d
040 _cMRSPTU
100 _aSingh, Sahib (ਪ੍ਰੋ. ਸਾਹਿਬ ਸਿੰਘ)
245 _aAdi Bir Bare (ਆਦਿ ਬੀੜ ਬਾਰੇ)
250 _a1st
260 _aPunjab
_bDirector Education Department
_c1999
300 _a190
942 _2ddc
_cBK
_n0
999 _c10054
_d10054